Sports Quiz

Random Sports or NHL Quiz
Score 0/19 Timer 10:00
0 Plays Today
Team Player % Correct
Edmonton OilersWayne Gretzky
99.2%
Detroit Red WingsGordie Howe
96.8%
Detroit Red WingsSteve Yzerman
96%
Pittsburgh PenguinsMario Lemieux
96%
St. Louis BluesBrett Hull
95.2%
Colorado AvalancheJoe Sakic
95.2%
Chicago BlackhawksBobby Hull
94.4%
Dallas StarsMike Modano
91.9%
Montreal CanadiensMaurice Richard
88.7%
Los Angeles KingsLuc Robitaille
87.9%
Team Player % Correct
New York IslandersMike Bossy
87.9%
Montreal CanadiensGuy Lafleur
86.3%
New York IslandersBryan Trottier
83.9%
Calgary FlamesJarome Iginla
83.1%
Chicago BlackhawksStan Mikita
83.1%
Los Angeles KingsMarcel Dionne
82.3%
Montreal CanadiensJean Beliveau
77.4%
Buffalo SabresGilbert Perreault
74.2%
Boston BruinsJohn Bucyk
71.8%
Remove Ads.
Support Sporcle.
Get the best of Sporcle when you Go Orange. This ad-free experience offers more features, more stats, and more fun while also helping to support Sporcle. Thank you for becoming a member.

You're not logged in!

Compare scores with friends on all Sporcle quizzes.
OR
Log In

Show Comments

Extras

Created Jan 13, 2015SourceReportNominate
Tags:NHL Quiz, 500, goal, Player, team

Top Quizzes Today


Score Distribution

Your Account Isn't Verified!

In order to create a playlist on Sporcle, you need to verify the email address you used during registration. Go to your Sporcle Settings to finish the process.

Report this User

Report this user for behavior that violates our Community Guidelines.

Details: